Observations et experiences faites sur les animalcules des infusions. (Record no. 8707)

MARC details
000 -LEADER
fixed length control field 00778cam a22002411 4500
001 - CONTROL NUMBER
control field agr21000143
003 - CONTROL NUMBER IDENTIFIER
control field DLC
005 - DATE AND TIME OF LATEST TRANSACTION
control field 20260227110941.0
008 - FIXED-LENGTH DATA ELEMENTS--GENERAL INFORMATION
fixed length control field 760330s1920 fr 000 0dfre c
010 ## - LIBRARY OF CONGRESS CONTROL NUMBER
LC control number agr21000143
035 ## - SYSTEM CONTROL NUMBER
System control number (OCoLC)2080658
040 ## - CATALOGING SOURCE
Original cataloging agency Library, U. S. Dept. of Agriculture.
Transcribing agency AzU
Modifying agency DLC
042 ## - AUTHENTICATION CODE
Authentication code premarc
050 00 - LIBRARY OF CONGRESS CALL NUMBER
Classification number QL365
Item number .S7
100 1# - MAIN ENTRY--PERSONAL NAME
Personal name Spallanzani, Lazzaro,
Dates associated with a name 1729-1799.
245 10 - TITLE STATEMENT
Title Observations et experiences faites sur les animalcules des infusions.
Statement of responsibility, etc. Par Lazare Spallanzani.
260 ## - PUBLICATION, DISTRIBUTION, ETC.
Place of publication, distribution, etc. Paris,
Name of publisher, distributor, etc. Gauthier-Villars et cie,
Date of publication, distribution, etc. 1920.
300 ## - PHYSICAL DESCRIPTION
Extent 2 v.
Dimensions 18 cm.
440 #4 - SERIES STATEMENT/ADDED ENTRY--TITLE
Title Les maitres de la pensée scientifique
500 ## - GENERAL NOTE
General note "Notice biographique": p. [vii]-viii.
504 ## - BIBLIOGRAPHY, ETC. NOTE
Bibliography, etc. note Bibliographical foot-notes.
650 #0 - SUBJECT ADDED ENTRY--TOPICAL TERM
Topical term or geographic name entry element Animalcules.

No items available.

Powered by Koha